| 000 | 00852nam a22001577a 4500 | ||
|---|---|---|---|
| 003 | OSt | ||
| 005 | 20151119141321.0 | ||
| 008 | 151119b xxu||||| |||| 00| 0 eng d | ||
| 040 | _cRUA | ||
| 082 | _aFIS SRE 1996 B161 Or.1 | ||
| 100 |
_93930 _aSREY, KEOSOPHEAK. |
||
| 245 | _aThe effect of dam constructions on agriculture, study case the effect of the soung dam on agriculture in chikreng district siemreap province, ឥទ្ធិពលនៃការសាងសង់ទំនប់ទឹកទៅលើវិស័យកសិកម្ម ករណីសិក្សាៈ ឥទ្ធិពលទំនប់សួង លើវិស័យកសិកម្មនៅក្នុងស្រុកជីក្រែង ខេត្តសៀមរាប | ||
| 260 |
_aPhnom Penh _bRUA _c1996 |
||
| 300 |
_a47p. _bill. _c29cm. |
||
| 942 |
_2ddc _cFIS |
||
| 999 |
_c3656 _d3656 |
||